Numbers 1-10 in Alphabetical Order - Statistics

General Stats
  • This quiz has been taken 41 times
  • The average score is 5 of 10
Answer Stats
Answer % Correct
8
100%
5
86%
4
79%
9
64%
1
46%
7
43%
6
29%
3
14%
2
11%
10
7%
No matching quizzes found
Score Distribution
Percent of People with Each Score
Percentile by Number Answered
Your Score History
You have not taken this quiz